00276nam a2200097Ia 45000010005000000080041000050820025000461000030000712450050001012600027001511339241024s9999 xx 000 0 und d aRD/028.9/L732g/2/v.2 aDinorah De Lima Jiménez 0aGuías de Lectura y Escritura. Segundo grado bEd. Alfa y Omegac2007